01007nam0a22002411 4500001001100000005001700011035002600028100004100054101000800095102000700103105001800110200027600128210003200404215002200436300012200458333002600580702003300606702003300639702003100672801001800703801002200721852002200743rc\316541520250530074740.0 a(NLR Aleph) 007304992 a20120615d1976 |||y0rusy50 ca0 arus aRU aa z |||||1 aОтчет группы советских специалистов сельского хозяйства о поездке в ФРГ (май 1976)fВсесоюз. объединение "Союзсельхозтехника" Совета Министров СССР aМоскваcБ. и.d1976 a81 с.cил.d20 aВ конце текста сост.: А. Ежевский, Н. Момотенко, А. Корсаков [и др.] aДСП. Экз. № 7 1aМомотенкоbН.4220 1aЕжевскийbА.4220 1aКорсаковbА.4220 0aRUbNLRgpsbo 1aRUbELAR2rusmarc aNLRj76-50К/6073